Statistics for 20th Century Leaders by Pictures

Click here to take the quiz!

General Stats

  • This quiz has been taken 348 times
  • The average score is 14 of 18

Answer Stats

Answer% Correct
Adolf Hitler
98%
John F. Kennedy
97%
Winston Churchill
96%
Joseph Stalin
94%
Nelson Mandela
94%
Margaret Thatcher
92%
Kim Jong-il
91%
Mao Zedong
90%
Ronald Reagan
90%
Fidel Castro
89%
Saddam Hussein
83%
Muammar Gaddafi
80%
Benito Mussolini
79%
Hirohito
70%
Ho Chi Minh
67%
Francisco Franco
51%
Benazir Bhutto
45%
Franz Joseph
27%

Score Distribution

Percentile by Number Answered

Percent of People with Each Score

Your Score History

You have not taken this quiz